| 000 | 00452nam a2200169Ia 4500 | ||
|---|---|---|---|
| 005 | 20250424120314.0 | ||
| 008 | 250424s9999 xx 000 0 und d | ||
| 022 | _a11181784 | ||
| 050 | _aHM 711 .N54/ | ||
| 245 | 0 | _aNigerian journal of sociology of education | |
| 260 | _aLagos, Nigeria | ||
| 260 | _bOG kreatives publishing house | ||
| 260 | _c2017 | ||
| 300 | _ax, 323 p. :ill. ; 30 cm. | ||
| 650 | _aOrganizational sociology. | ||
| 942 | _cSR | ||
| 999 |
_c38562 _d38562 |
||